000
00337nam a2200157Ia 4500
008
230312s9999||||xx |||||||||||||| ||und||
020
_a
088022415
082
_a
004
_b
BUR-U
100
_a
Burns, Diane
245
0
_a
Using Pagemaker
260
_b
QUE Corporation
300
_a
511
546
_a
Eng.
650
_a
Computer
942
_c
BK
999
_c
5985
_d
5985